000 00719nam a22002057a 4500
008 120912t xxu||||| |||| 00| 0 eng d
020 _a9-0781-9076-2428-5
082 _218 ed.
_a346.054 COU
100 _aCousal, Helen
_96613
245 _aPrivate client :
_bwills,trusts and estate planning /
_c Helen Cousal and Lesley King
260 _aGuildford :
_bCollege of law publishing
_c2011
300 _axv. ; 290 p. :
_c30 cm.
500 _aIncludes Index
500 _aIncludes Appendicies
650 _2Inheritance and succession -- England -- Periodicals
650 _2 Inheritance and succession -- Wales -- Periodicals ;
650 _2 Private client
700 _a King, Lesley
_96614
942 _2ddc
_cBK
999 _c5168
_d5168